[Event "British Columbia-ch U20"]
[Site "Richmond CAN"]
[Date "2019.11.11"]
[Round "5.9"]
[White "Luu, Tran Nguyen Khoi"]
[Black "Zhang, Joyce"]
[Result "1-0"]
[WhiteElo "1627"]
[BlackElo "1449"]
[PlyCount "65"]
[EventDate "2019.11.09"]
[EventType "swiss"]
[EventRounds "5"]
[EventCountry "CAN"]

1. e4 c5 2. g3 d6 3. Bg2 Nf6 4. Ne2 e6 5. O-O Nc6 6. c3 Be7 7. d4 cxd4 8. cxd4
O-O 9. Nbc3 a6 10. h3 Qc7 11. Be3 Rd8 12. Rc1 Bd7 13. d5 Ne5 14. dxe6 fxe6 15.
Nd5 Qb8 16. Nb6 Bb5 17. Nxa8 Qxa8 18. a4 Bc6 19. Nd4 Kf7 20. f4 Nfd7 21. fxe5+
Kg8 22. Nxe6 Rc8 23. Qb3 Kh8 24. Nxg7 Nxe5 25. Bd4 Bg5 26. Bxe5 dxe5 27. Qf7
Bxc1 28. Ne6 Be3+ 29. Kh1 Bh6 30. Qf6+ Kg8 31. Qxh6 Rc7 32. Rf8+ Qxf8 33. Qxf8#
1-0

[Event "British Columbia-ch U20"]
[Site "Richmond CAN"]
[Date "2019.11.11"]
[Round "5.10"]
[White "Qiu, Andrew Yu"]
[Black "Han, Aaron"]
[Result "1-0"]
[WhiteElo "1681"]
[BlackElo "1344"]
[PlyCount "93"]
[EventDate "2019.11.09"]
[EventType "swiss"]
[EventRounds "5"]
[EventCountry "CAN"]

1. e4 e5 2. Nf3 Nc6 3. Bb5 a6 4. Ba4 Nf6 5. O-O Be7 6. Re1 b5 7. Bb3 d6 8. c3
O-O 9. h3 Na5 10. Bc2 c5 11. d4 Qc7 12. Nbd2 cxd4 13. cxd4 Bb7 14. Nf1 Rac8 15.
Bb1 Nc4 16. Ng3 Rfe8 17. a4 Nb6 18. axb5 axb5 19. Ra7 Ra8 20. Rxa8 Rxa8 21. Qb3
Bc6 22. Bd3 Nbd7 23. Nf5 Bf8 24. Bd2 exd4 25. N3xd4 Rb8 26. Rc1 Nc5 27. Qc2 Qd7
28. Nxc6 Qxc6 29. b4 Nfxe4 30. Bxe4 Qxe4 31. bxc5 Qxc2 32. Rxc2 dxc5 33. Rb2 b4
34. Ne3 Be7 35. Nc4 Bf6 36. Rb1 Rd8 37. Be3 Be7 38. Kf1 Rd3 39. Ra1 h6 40. Ke2
Rc3 41. Rc1 Rxc1 42. Bxc1 Bf6 43. Kd3 b3 44. Bb2 Be7 45. Na5 Kh7 46. Nxb3 Kg6
47. Kc4 1-0

[Event "Brome-Missisquoi op"]
[Site "Granby CAN"]
[Date "2019.11.22"]
[Round "1.3"]
[White "Rodrigue-Lemieux, Shawn"]
[Black "Latorre, Vincent"]
[Result "1-0"]
[WhiteElo "2385"]
[BlackElo "1823"]
[PlyCount "73"]
[EventDate "2019.11.22"]
[EventType "swiss"]
[EventRounds "5"]
[EventCountry "CAN"]

1. c4 e5 2. a3 a5 3. Nc3 Nc6 4. g3 f5 5. Bg2 Nf6 6. d3 d6 7. Rb1 Be7 8. b4 axb4
9. axb4 O-O 10. b5 Nd4 11. e3 Ne6 12. Nge2 h6 13. O-O Kh7 14. f4 g6 15. e4 fxe4
16. dxe4 c6 17. f5 Ng7 18. bxc6 bxc6 19. fxg6+ Kxg6 20. h3 Kh7 21. Be3 Be6 22.
Qd3 Rb8 23. g4 Ng8 24. Ng3 Rxf1+ 25. Rxf1 Rb4 26. Nd5 Rb7 27. Nxe7 Rxe7 28. Nf5
Rd7 29. h4 Qb8 30. g5 Qb4 31. Rc1 d5 32. cxd5 cxd5 33. Nxg7 dxe4 34. Qa6 Rd6
35. Qa1 Qb3 36. Re1 Qb5 37. Nxe6 1-0

[Event "Brome-Missisquoi op"]
[Site "Granby CAN"]
[Date "2019.11.22"]
[Round "1.4"]
[White "Jiang, Barron Jiyu"]
[Black "Duong, Thanh Nha"]
[Result "0-1"]
[WhiteElo "1815"]
[BlackElo "2272"]
[PlyCount "100"]
[EventDate "2019.11.22"]
[EventType "swiss"]
[EventRounds "5"]
[EventCountry "CAN"]

1. e4 c5 2. Nf3 Nc6 3. d4 cxd4 4. Nxd4 Nf6 5. Nc3 d6 6. h3 e5 7. Nb3 Be7 8. Be2
O-O 9. Be3 a5 10. O-O a4 11. Nc1 a3 12. bxa3 Rxa3 13. Nb3 Be6 14. Qc1 Qa8 15.
Rd1 Nb4 16. Qb2 Rc8 17. Bd3 d5 18. exd5 Nfxd5 19. Nxd5 Bxd5 20. Bf5 Rc6 21. c3
Bxb3 22. axb3 Nd5 23. c4 Nxe3 24. Rxa3 Bxa3 25. Qxa3 Qxa3 26. Rd8+ Qf8 27.
Bxh7+ Kxh7 28. Rxf8 Nc2 29. Rxf7 Rb6 30. Re7 Rxb3 31. Rxe5 Rb4 32. Re7 Nd4 33.
g4 b6 34. Rb7 Nf3+ 35. Kg2 Ne5 36. f4 Nxc4 37. f5 Kh6 38. Kg3 Nd6 39. Re7 Re4
40. Ra7 b5 41. h4 b4 42. g5+ Kh5 43. f6 gxf6 44. gxf6 Kg6 45. Ra6 Rd4 46. h5+
Kxh5 47. Ra1 Kg6 48. Rf1 Nf5+ 49. Rxf5 Kxf5 50. f7 Rd8 0-1

[Event "Brome-Missisquoi op"]
[Site "Granby CAN"]
[Date "2019.11.22"]
[Round "1.5"]
[White "Saha, Ananda"]
[Black "Laroche, Hugo"]
[Result "1-0"]
[WhiteElo "2266"]
[BlackElo "1787"]
[PlyCount "59"]
[EventDate "2019.11.22"]
[EventType "swiss"]
[EventRounds "5"]
[EventCountry "CAN"]

1. d4 Nf6 2. Bf4 e6 3. e3 d5 4. c3 Nbd7 5. Nd2 Bd6 6. Ngf3 Bxf4 7. exf4 O-O 8.
Bd3 Re8 9. O-O Nf8 10. Ne5 Ng6 11. g3 a6 12. h4 b6 13. h5 Nxe5 14. fxe5 Nd7 15.
f4 g6 16. Kg2 Kg7 17. Rh1 f5 18. Nf3 Qe7 19. Ng5 Rh8 20. hxg6 hxg6 21. Rxh8
Kxh8 22. g4 Bb7 23. gxf5 exf5 24. Qh1+ Kg8 25. Kf2 Nf8 26. Rg1 Qg7 27. Bxf5
gxf5 28. Nf3 Ng6 29. Qh5 Kf7 30. Qxf5+ 1-0

[Event "Brome-Missisquoi op"]
[Site "Granby CAN"]
[Date "2019.11.22"]
[Round "1.6"]
[White "Bilodeau-Savaria, Carl-William"]
[Black "Tanaka, Tyler"]
[Result "0-1"]
[WhiteElo "1601"]
[BlackElo "2236"]
[PlyCount "47"]
[EventDate "2019.11.22"]
[EventType "swiss"]
[EventRounds "5"]
[EventCountry "CAN"]

1. d4 Nf6 2. c4 c5 3. d5 e6 4. Nc3 exd5 5. cxd5 d6 6. e4 g6 7. f4 Bg7 8. Nf3
O-O 9. Bd3 Re8 10. O-O a6 11. a4 Nbd7 12. Re1 Ng4 13. h3 c4 14. hxg4 cxd3 15.
Qxd3 Nc5 16. Qc2 Bxg4 17. Nh2 Bf5 18. Bd2 Bd4+ 19. Kh1 Bxc3 20. Bxc3 Nxe4 21.
Qb3 Qh4 22. Rf1 Ng3+ 23. Kg1 Nxf1 24. Rxf1 0-1

[Event "Brome-Missisquoi op"]
[Site "Granby CAN"]
[Date "2019.11.22"]
[Round "1.7"]
[White "Trahan, Daniel"]
[Black "Bilodeau-Savaria, Sandy-Rose"]
[Result "1-0"]
[WhiteElo "2109"]
[BlackElo "1512"]
[PlyCount "113"]
[EventDate "2019.11.22"]
[EventType "swiss"]
[EventRounds "5"]
[EventCountry "CAN"]

1. d4 d5 2. c4 e6 3. Nc3 Nf6 4. cxd5 exd5 5. Bg5 Be7 6. e3 c6 7. Bd3 h6 8. Bh4
O-O 9. Qc2 Nbd7 10. Nf3 Re8 11. O-O Ne4 12. Bxe7 Qxe7 13. Rab1 a5 14. a3 g5 15.
b4 axb4 16. axb4 g4 17. Nd2 Ndf6 18. b5 Bd7 19. bxc6 bxc6 20. Ndxe4 Nxe4 21.
Nxe4 dxe4 22. Bc4 h5 23. Rb7 Reb8 24. Rxb8+ Rxb8 25. Ra1 Kg7 26. Bb3 Qb4 27.
Rb1 Qa3 28. Qa2 Qxa2 29. Bxa2 Rxb1+ 30. Bxb1 f5 31. Kf1 Be6 32. Ke2 Bc4+ 33.
Kd2 Kf6 34. Kc3 Bd5 35. g3 Ke6 36. Kb4 Kd6 37. Bc2 Bf7 38. Bd1 Be6 39. Be2 Bf7
40. Bf1 Be8 41. Bc4 Bg6 42. Bg8 Kc7 43. Kc5 Kd8 44. Kxc6 Ke7 45. Kd5 Kf6 46.
Kd6 Be8 47. Bd5 Ba4 48. Bc6 Bb3 49. d5 Ba2 50. Kc7 Kf7 51. d6 Be6 52. d7 Bxd7
53. Kxd7 Kf6 54. Kd6 Kg6 55. Ke5 Kg5 56. Bd7 Kg6 57. Bxf5+ 1-0

[Event "Brome-Missisquoi op"]
[Site "Granby CAN"]
[Date "2019.11.23"]
[Round "2.3"]
[White "Tanaka, Tyler"]
[Black "Rodrigue-Lemieux, Shawn"]
[Result "0-1"]
[WhiteElo "2236"]
[BlackElo "2385"]
[PlyCount "100"]
[EventDate "2019.11.22"]
[EventType "swiss"]
[EventRounds "5"]
[EventCountry "CAN"]

1. c4 Nf6 2. Nc3 e6 3. e4 d5 4. cxd5 exd5 5. e5 d4 6. exf6 dxc3 7. Bb5+ c6 8.
Qe2+ Be6 9. Bc4 Qxf6 10. dxc3 Bc5 11. Bxe6 Qxe6 12. Qxe6+ fxe6 13. Nf3 O-O 14.
Ke2 Nd7 15. Be3 Bxe3 16. Kxe3 Nf6 17. c4 Ng4+ 18. Ke2 e5 19. h3 e4 20. hxg4
exf3+ 21. gxf3 Rae8+ 22. Kf1 Rxf3 23. b3 Rf4 24. Rg1 Ref8 25. Rg2 Kf7 26. Re1
Rd8 27. Rg3 Rd7 28. Re2 a5 29. Kg2 a4 30. bxa4 Rxc4 31. Rf3+ Kg6 32. Re6+ Kg5
33. Re5+ Kh6 34. g5+ Kg6 35. Re6+ Kxg5 36. Re5+ Kh6 37. Rh3+ Kg6 38. Re6+ Kf7
39. Re2 h6 40. Ra3 Rg4+ 41. Kf3 Rh4 42. Kg3 Rb4 43. a5 c5 44. a6 bxa6 45. Rxa6
Rc7 46. Kf3 c4 47. Ke3 h5 48. a4 Rb3+ 49. Kd2 Rb2+ 50. Kd1 Rd7+ 0-1

[Event "Brome-Missisquoi op"]
[Site "Granby CAN"]
[Date "2019.11.23"]
[Round "2.4"]
[White "Zhong, Kevin"]
[Black "Trahan, Daniel"]
[Result "1-0"]
[WhiteElo "2227"]
[BlackElo "2109"]
[PlyCount "71"]
[EventDate "2019.11.22"]
[EventType "swiss"]
[EventRounds "5"]
[EventCountry "CAN"]

1. e4 c5 2. Ne2 Nc6 3. d4 cxd4 4. Nxd4 Nf6 5. Nc3 d6 6. Bg5 e6 7. Qd2 a6 8.
O-O-O h6 9. Nxc6 bxc6 10. Bf4 d5 11. Qe3 Be7 12. Be2 Nd7 13. Qg3 Bg5 14. Bxg5
Qxg5+ 15. f4 Qxg3 16. hxg3 O-O 17. g4 a5 18. Rh3 Ba6 19. Bf3 Rfb8 20. f5 Ne5
21. fxe6 fxe6 22. Rh5 Nxf3 23. gxf3 Rf8 24. Rh3 Rad8 25. Re1 Rf6 26. Na4 Rb8
27. Nc5 Bc8 28. a4 Rb4 29. b3 Rb8 30. Kd2 Kf8 31. Ke3 Ke7 32. e5 Rf7 33. c3 Kd8
34. f4 Kc7 35. Rf3 Bd7 36. Na6+ 1-0

[Event "Brome-Missisquoi op"]
[Site "Granby CAN"]
[Date "2019.11.23"]
[Round "2.5"]
[White "Huang, Qiuyu"]
[Black "Chabot, Roland"]
[Result "1/2-1/2"]
[WhiteElo "2170"]
[BlackElo "2184"]
[PlyCount "41"]
[EventDate "2019.11.22"]
[EventType "swiss"]
[EventRounds "5"]
[EventCountry "CAN"]

1. e4 d6 2. d4 Nf6 3. Nc3 e5 4. dxe5 dxe5 5. Qxd8+ Kxd8 6. Bg5 Be6 7. O-O-O+
Nbd7 8. f4 exf4 9. Nf3 Kc8 10. Bxf4 c6 11. a3 Nc5 12. Re1 a5 13. Nd4 g6 14.
Nxe6 fxe6 15. a4 Nfd7 16. g3 e5 17. Be3 Kc7 18. Bh3 Bg7 19. Rhf1 Rhf8 20. b3
Rae8 21. Kd2 1/2-1/2

[Event "Brome-Missisquoi op"]
[Site "Granby CAN"]
[Date "2019.11.23"]
[Round "2.6"]
[White "Mok, Yuen Tak"]
[Black "Beaudry, Marc-Andre"]
[Result "1/2-1/2"]
[WhiteElo "2077"]
[BlackElo "1995"]
[PlyCount "81"]
[EventDate "2019.11.22"]
[EventType "swiss"]
[EventRounds "5"]
[EventCountry "CAN"]

1. e4 c5 2. c3 Nf6 3. e5 Nd5 4. d4 cxd4 5. Nf3 e6 6. cxd4 d6 7. Bc4 Be7 8. O-O
O-O 9. Qe2 b6 10. Rd1 Bb7 11. Nbd2 dxe5 12. dxe5 Nd7 13. Bxd5 Bxd5 14. b3 Qc7
15. Bb2 Qb7 16. Rac1 b5 17. Nf1 Rac8 18. Ne3 Bxf3 19. Qxf3 Qxf3 20. gxf3 Nb6
21. Kf1 Rxc1 22. Rxc1 Rc8 23. Rxc8+ Nxc8 24. Bd4 a6 25. Ke2 Kf8 26. Kd3 Ke8 27.
f4 g6 28. a4 Kd7 29. axb5 axb5 30. Nd1 Bb4 31. Ne3 Ne7 32. Nc2 Nd5 33. Nxb4
Nxb4+ 34. Ke4 Kc6 35. Be3 Na6 36. Kd4 Nc5 37. b4 Na6 38. Bd2 Nc7 39. Ke4 Nd5
40. h3 Nb6 41. Be1 1/2-1/2

[Event "Brome-Missisquoi op"]
[Site "Granby CAN"]
[Date "2019.11.23"]
[Round "2.7"]
[White "Laroche, Hugo"]
[Black "Turcotte, Jonathan"]
[Result "0-1"]
[WhiteElo "1787"]
[BlackElo "2068"]
[PlyCount "80"]
[EventDate "2019.11.22"]
[EventType "swiss"]
[EventRounds "5"]
[EventCountry "CAN"]

1. d4 d5 2. Bf4 c5 3. e3 Nc6 4. c3 Nf6 5. Nd2 Bf5 6. Ngf3 Qb6 7. Qc1 Rc8 8.
dxc5 Qxc5 9. Nb3 Qb6 10. Qd1 e6 11. Bd3 Bxd3 12. Qxd3 Be7 13. O-O O-O 14. Rab1
Rfd8 15. Nbd4 Ne4 16. Nxc6 Qxc6 17. Nd2 Nc5 18. Qe2 b5 19. Rbc1 Na4 20. Nf3 Qc4
21. Rc2 b4 22. Qd1 Qe4 23. Nd2 Qd3 24. Nb1 Qf5 25. Qd2 e5 26. Bg3 d4 27. exd4
exd4 28. c4 d3 29. Rcc1 a5 30. b3 Nc5 31. f3 Bg5 32. f4 Bf6 33. Rfe1 Ne4 34.
Rxe4 Qxe4 35. Re1 Qf5 36. Qd1 Re8 37. Nd2 Rxe1+ 38. Qxe1 Bc3 39. Qe3 Qd7 40.
Bf2 Re8 0-1

[Event "Brome-Missisquoi op"]
[Site "Granby CAN"]
[Date "2019.11.23"]
[Round "2.8"]
[White "Latorre, Vincent"]
[Black "Bilodeau-Savaria, Carl-William"]
[Result "1-0"]
[WhiteElo "1823"]
[BlackElo "1601"]
[PlyCount "71"]
[EventDate "2019.11.22"]
[EventType "swiss"]
[EventRounds "5"]
[EventCountry "CAN"]

1. e4 c5 2. Nf3 d6 3. d4 cxd4 4. Nxd4 Nf6 5. Nc3 a6 6. a4 g6 7. Bc4 Bg7 8. h3
Nc6 9. Be3 O-O 10. O-O e5 11. Nb3 Be6 12. Bxe6 fxe6 13. a5 Qe7 14. Qe2 Nh5 15.
Rad1 Nf4 16. Qd2 Rad8 17. Kh2 Rf7 18. Ne2 Nxe2 19. Qxe2 d5 20. Bb6 Rd7 21. c4
d4 22. Nc5 Rd6 23. Nd3 Rd7 24. b4 Qe8 25. b5 axb5 26. cxb5 Nb8 27. Rc1 Rde7 28.
Nc5 Nd7 29. Nxb7 Qa8 30. Nd6 Rf8 31. Rc7 Bf6 32. Rfc1 Nxb6 33. axb6 Qb8 34. Qc4
Rg7 35. Qxe6+ Kh8 36. Rc8 1-0

[Event "Brome-Missisquoi op"]
[Site "Granby CAN"]
[Date "2019.11.23"]
[Round "3.2"]
[White "Duong, Thanh Nha"]
[Black "Zhong, Kevin"]
[Result "1-0"]
[WhiteElo "2272"]
[BlackElo "2227"]
[PlyCount "97"]
[EventDate "2019.11.22"]
[EventType "swiss"]
[EventRounds "5"]
[EventCountry "CAN"]

1. Nf3 d5 2. g3 Nf6 3. Bg2 e6 4. O-O Be7 5. d3 O-O 6. Nbd2 c5 7. e4 d4 8. a4
Nc6 9. Nc4 b6 10. Ne1 Ba6 11. b3 Bxc4 12. bxc4 Qc7 13. f4 e5 14. f5 Ne8 15. g4
Qd8 16. Nf3 h6 17. Rf2 Nf6 18. h3 Nh7 19. Bd2 f6 20. h4 Kf7 21. Bh3 Ke8 22. Rg2
Kd7 23. g5 hxg5 24. hxg5 Rg8 25. Bg4 Kc7 26. Bh5 Nxg5 27. Nxg5 fxg5 28. Qg4 Bf6
29. Bxg5 Qf8 30. Kf2 Ne7 31. Ke2 Rb8 32. Rag1 Rd8 33. Qh4 Rd6 34. Rg4 Bxg5 35.
Rxg5 Rh6 36. Qg3 Kd6 37. Kd2 Qf6 38. Kc1 Rgh8 39. Bd1 Rh3 40. Qe1 Rh1 41. Rxg7
Qh6+ 42. Qd2 Qe3 43. Qxe3 dxe3 44. Bf3 Rxg1+ 45. Rxg1 Rh2 46. Re1 Nc6 47. Rxe3
Nd4 48. Bd1 Rf2 49. c3 1-0

[Event "Brome-Missisquoi op"]
[Site "Granby CAN"]
[Date "2019.11.23"]
[Round "3.4"]
[White "Saha, Ananda"]
[Black "Turcotte, Jonathan"]
[Result "1-0"]
[WhiteElo "2266"]
[BlackElo "2068"]
[PlyCount "97"]
[EventDate "2019.11.22"]
[EventType "swiss"]
[EventRounds "5"]
[EventCountry "CAN"]

1. d4 d5 2. Nf3 Nf6 3. e3 Bf5 4. Bd3 Bxd3 5. cxd3 e6 6. Nc3 c5 7. O-O Nc6 8.
dxc5 Bxc5 9. d4 Bd6 10. a3 O-O 11. b4 Qe7 12. Bb2 Rfd8 13. Rc1 Rac8 14. Na4 b6
15. Qe2 Qb7 16. Rc2 Ne7 17. Rfc1 Rxc2 18. Rxc2 Rc8 19. Ne5 Rxc2 20. Qxc2 Qc7
21. Qxc7 Bxc7 22. b5 Ne4 23. Nd3 Nd6 24. Nc3 Nc4 25. Kf1 Bd6 26. a4 h5 27. h3
f5 28. Ke2 g5 29. Bc1 Kf7 30. f3 Kg6 31. e4 fxe4 32. fxe4 Bh2 33. exd5 exd5 34.
Nb4 Bg1 35. Kd3 Na5 36. Ncxd5 Nf5 37. Bb2 Kf7 38. Nc6 Nxc6 39. bxc6 Ke6 40. Nb4
a5 41. c7 Nd6 42. d5+ Kd7 43. Na6 Bh2 44. Bd4 Nc8 45. Ke4 Nd6+ 46. Kf3 Nc8 47.
g3 h4 48. Be5 Ne7 49. Nb8+ 1-0

[Event "Brome-Missisquoi op"]
[Site "Granby CAN"]
[Date "2019.11.23"]
[Round "3.5"]
[White "Beaudry, Marc-Andre"]
[Black "Tanaka, Tyler"]
[Result "1/2-1/2"]
[WhiteElo "1995"]
[BlackElo "2236"]
[PlyCount "108"]
[EventDate "2019.11.22"]
[EventType "swiss"]
[EventRounds "5"]
[EventCountry "CAN"]

1. e4 c5 2. Nf3 Nc6 3. d4 cxd4 4. Nxd4 g6 5. c4 Bg7 6. Be3 Nf6 7. Nc3 d6 8. Be2
O-O 9. f3 Bd7 10. Qd2 Nxd4 11. Bxd4 Bc6 12. h4 Qa5 13. O-O-O Rfc8 14. Kb1 a6
15. Nd5 Qxd2 16. Rxd2 Bxd5 17. cxd5 Nd7 18. Be3 Bf6 19. h5 g5 20. Rc1 Rxc1+ 21.
Kxc1 Rc8+ 22. Rc2 Rxc2+ 23. Kxc2 h6 24. b4 Be5 25. Kb3 Kg7 26. Ka4 Bc3 27. Kb3
Be5 28. a4 Kf6 29. a5 Bf4 30. Bf2 Bd2 31. g3 e6 32. Bd4+ Ke7 33. dxe6 fxe6 34.
Bg1 Nf6 35. g4 Nd7 36. Bd4 Kf7 37. Ka4 Nb8 38. b5 axb5+ 39. Bxb5 Na6 40. Bd7 e5
41. Bb6 Nc5+ 42. Bxc5 dxc5 43. Bc8 c4 44. Bxb7 c3 45. Bd5+ Ke7 46. Bb3 Kd6 47.
Kb5 Be3 48. Kc4 Bd4 49. Ba4 Ke6 50. Bd1 Kd6 51. f4 gxf4 52. g5 Ke7 53. g6 Kf6
54. Kd3 Kg7 1/2-1/2

[Event "Brome-Missisquoi op"]
[Site "Granby CAN"]
[Date "2019.11.23"]
[Round "3.6"]
[White "Chabot, Roland"]
[Black "Latorre, Vincent"]
[Result "1-0"]
[WhiteElo "2184"]
[BlackElo "1823"]
[PlyCount "65"]
[EventDate "2019.11.22"]
[EventType "swiss"]
[EventRounds "5"]
[EventCountry "CAN"]

1. d4 Nf6 2. Nf3 g6 3. g3 Bg7 4. Bg2 d5 5. O-O O-O 6. c4 c6 7. b3 Nbd7 8. Bb2
b6 9. Nbd2 Bb7 10. e3 e6 11. Qe2 Rc8 12. Rfd1 Rc7 13. Rac1 Ba6 14. e4 c5 15. e5
Ne8 16. Qe1 dxc4 17. Nxc4 b5 18. Na5 Qc8 19. dxc5 Nxc5 20. Nd4 Kh8 21. Ndc6 Nb7
22. Ne7 Qa8 23. Rxc7 Nxc7 24. Rd7 Nd5 25. Nxd5 exd5 26. Nxb7 Bxb7 27. Qd2 Bc6
28. Bxd5 Kg8 29. Bxf7+ Kh8 30. Bd5 Qc8 31. Bxc6 Qxc6 32. e6 Bf6 33. Qh6 1-0

[Event "Brome-Missisquoi op"]
[Site "Granby CAN"]
[Date "2019.11.23"]
[Round "3.7"]
[White "Bilodeau-Savaria, Sandy-Rose"]
[Black "Huang, Qiuyu"]
[Result "0-1"]
[WhiteElo "1512"]
[BlackElo "2170"]
[PlyCount "58"]
[EventDate "2019.11.22"]
[EventType "swiss"]
[EventRounds "5"]
[EventCountry "CAN"]

1. d4 f5 2. c4 Nf6 3. g3 g6 4. Bg2 Bg7 5. Nf3 d6 6. O-O O-O 7. Nc3 Qe8 8. b3 h6
9. Re1 g5 10. e4 fxe4 11. Nxe4 Qf7 12. h3 Nxe4 13. Rxe4 c5 14. Qe1 Nc6 15. Bb2
Bf5 16. Re2 cxd4 17. Rd1 d3 18. Red2 Bxb2 19. Rxb2 Qf6 20. Rbd2 Nb4 21. Qf1 e5
22. a3 Nc6 23. Re1 e4 24. Nh2 Qc3 25. Rdd1 Rae8 26. Ng4 Bxg4 27. hxg4 e3 28.
Rxd3 exf2+ 29. Qxf2 Rxe1+ 0-1

[Event "Brome-Missisquoi op"]
[Site "Granby CAN"]
[Date "2019.11.23"]
[Round "3.8"]
[White "Mok, Yuen Tak"]
[Black "Jiang, Barron Jiyu"]
[Result "1-0"]
[WhiteElo "2077"]
[BlackElo "1815"]
[PlyCount "81"]
[EventDate "2019.11.22"]
[EventType "swiss"]
[EventRounds "5"]
[EventCountry "CAN"]

1. e4 c5 2. c3 e6 3. d4 cxd4 4. cxd4 Nf6 5. Nc3 Bb4 6. Bd3 Nc6 7. Nge2 O-O 8.
O-O d5 9. e5 Nd7 10. Bc2 Nb6 11. a3 Be7 12. Qd3 g6 13. Bh6 Re8 14. Qg3 Nc4 15.
Rab1 b5 16. Nxb5 a6 17. Nbc3 Rb8 18. Nd1 Qb6 19. Qg4 Bd7 20. h4 Rec8 21. Bd3
Bf8 22. Bxf8 Kxf8 23. Bxc4 dxc4 24. Ndc3 Na5 25. Ne4 Nb3 26. Nd6 Rc7 27. Qf4
Bc6 28. Rfd1 Bd5 29. h5 Qc6 30. Qh6+ Kg8 31. Qg5 Be4 32. Nxe4 Qxe4 33. Ng3 Qb7
34. Qf4 Qc8 35. Ne4 Qf8 36. Nf6+ Kh8 37. g3 gxh5 38. Kg2 Qg7 39. Rh1 Rg8 40.
Rxh5 Rcc8 41. Rbh1 1-0

[Event "Brome-Missisquoi op"]
[Site "Granby CAN"]
[Date "2019.11.23"]
[Round "3.9"]
[White "Bilodeau-Savaria, Carl-William"]
[Black "Laroche, Hugo"]
[Result "1-0"]
[WhiteElo "1601"]
[BlackElo "1787"]
[PlyCount "61"]
[EventDate "2019.11.22"]
[EventType "swiss"]
[EventRounds "5"]
[EventCountry "CAN"]

1. d4 Nf6 2. c4 e6 3. Nf3 d5 4. Nc3 Nbd7 5. Bg5 Be7 6. e3 b6 7. cxd5 exd5 8.
Bd3 O-O 9. Qc2 h6 10. Bf4 Bb7 11. O-O c5 12. Bf5 Nh5 13. Be5 Nxe5 14. Nxe5 Bd6
15. f4 Qc7 16. Nb5 Qe7 17. Rac1 Nf6 18. Nxd6 Qxd6 19. dxc5 Qc7 20. c6 Bc8 21.
Bd3 Ng4 22. Nxg4 Bxg4 23. Bh7+ Kh8 24. Bf5 Bxf5 25. Qxf5 Rae8 26. Rfd1 Rxe3 27.
Qxd5 Rc8 28. Qf5 Re6 29. Rd3 Rxc6 30. Rxc6 Qxc6 31. Rc3 1-0

[Event "Brome-Missisquoi op"]
[Site "Granby CAN"]
[Date "2019.11.24"]
[Round "4.3"]
[White "Huang, Qiuyu"]
[Black "Rodrigue-Lemieux, Shawn"]
[Result "1/2-1/2"]
[WhiteElo "2170"]
[BlackElo "2385"]
[PlyCount "44"]
[EventDate "2019.11.22"]
[EventType "swiss"]
[EventRounds "5"]
[EventCountry "CAN"]

1. e4 c6 2. d4 d5 3. exd5 cxd5 4. Bd3 Nc6 5. c3 Qc7 6. h3 g6 7. Nf3 Bg7 8. O-O
Nf6 9. Re1 O-O 10. Na3 Bf5 11. Bf1 Rac8 12. Nc2 Bxc2 13. Qxc2 Ne4 14. Qd1 Rfd8
15. Be3 Qb8 16. Nd2 b5 17. Nxe4 dxe4 18. Qb3 a6 19. a4 Na5 20. Qb4 Nc6 21. Qb3
Na5 22. Qb4 Nc6 1/2-1/2

[Event "Brome-Missisquoi op"]
[Site "Granby CAN"]
[Date "2019.11.24"]
[Round "4.4"]
[White "Tanaka, Tyler"]
[Black "Saha, Ananda"]
[Result "1/2-1/2"]
[WhiteElo "2236"]
[BlackElo "2266"]
[PlyCount "116"]
[EventDate "2019.11.22"]
[EventType "swiss"]
[EventRounds "5"]
[EventCountry "CAN"]

1. c4 e6 2. g3 c5 3. Nf3 Nf6 4. Bg2 Nc6 5. O-O Be7 6. Nc3 d5 7. cxd5 Nxd5 8.
Nxd5 exd5 9. d4 c4 10. Bf4 O-O 11. Ne5 Nxe5 12. dxe5 Be6 13. Be3 Qd7 14. Bd4 b5
15. Qc2 Rac8 16. a3 a5 17. f4 Bf5 18. Qd2 b4 19. axb4 Bxb4 20. Qe3 Qb5 21. h3
h5 22. Kh2 Bc5 23. Rfd1 Bxd4 24. Qxd4 Be4 25. Bxe4 dxe4 26. Rd2 Rfd8 27. Qxd8+
Rxd8 28. Rxd8+ Kh7 29. Rd2 Qc5 30. Kg2 Qe3 31. Rc2 h4 32. Ra3 Qd4 33. gxh4 Qd1
34. Rac3 Kg6 35. e3 Qf3+ 36. Kh2 Kh5 37. Rg2 g6 38. Ra3 Kxh4 39. Rg4+ Kh5 40.
e6 fxe6 41. Rxa5+ Kh6 42. Rag5 Qf2+ 43. Rg2 Qxe3 44. Rxg6+ Kh7 45. Rg7+ Kh8 46.
R7g4 Qe1 47. Rg5 Qd1 48. R5g4 Qe1 49. Rg5 Qd1 50. Rg6 Kh7 51. Rxe6 Qf3 52. Re7+
Kh8 53. Re8+ Kh7 54. Re7+ Kh8 55. Rf7 e3 56. Rf8+ Kh7 57. Rf7+ Kh8 58. Rf6 Kh7
1/2-1/2

[Event "Brome-Missisquoi op"]
[Site "Granby CAN"]
[Date "2019.11.24"]
[Round "4.5"]
[White "Zhong, Kevin"]
[Black "Beaudry, Marc-Andre"]
[Result "0-1"]
[WhiteElo "2227"]
[BlackElo "1995"]
[PlyCount "62"]
[EventDate "2019.11.22"]
[EventType "swiss"]
[EventRounds "5"]
[EventCountry "CAN"]

1. e4 c5 2. Ne2 Nc6 3. Nbc3 e6 4. d4 cxd4 5. Nxd4 Qc7 6. Be3 a6 7. Qf3 Nf6 8.
O-O-O Ne5 9. Qg3 b5 10. f4 Neg4 11. e5 Nxe3 12. Qxe3 b4 13. Ne4 Nxe4 14. Qxe4
Bb7 15. Qe2 Bc5 16. Rg1 Bd5 17. Kb1 Qa5 18. b3 Qb6 19. Qd2 O-O 20. g4 d6 21.
exd6 Rad8 22. f5 Rxd6 23. f6 gxf6 24. Qh6 Be4 25. g5 fxg5 26. Bd3 Bg6 27. Bxg6
fxg6 28. Rxg5 Bxd4 29. Rdg1 Bg7 30. Rxg6 hxg6 31. Qxg6 Qd4 0-1

[Event "Brome-Missisquoi op"]
[Site "Granby CAN"]
[Date "2019.11.24"]
[Round "4.6"]
[White "Trahan, Daniel"]
[Black "Mok, Yuen Tak"]
[Result "1-0"]
[WhiteElo "2109"]
[BlackElo "2077"]
[PlyCount "155"]
[EventDate "2019.11.22"]
[EventType "swiss"]
[EventRounds "5"]
[EventCountry "CAN"]

1. d4 d5 2. c4 e6 3. Nc3 c6 4. e3 Bd6 5. Bd3 f5 6. Nge2 Nf6 7. f3 e5 8. dxe5
Bxe5 9. O-O O-O 10. Qc2 g6 11. Rd1 Qe7 12. cxd5 cxd5 13. Nxd5 Nxd5 14. Bc4 Kg7
15. Bxd5 Nd7 16. Bd2 Nf6 17. Bb3 Bd7 18. Bc3 Rfe8 19. Bxe5 Qxe5 20. Rd3 Rac8
21. Qd2 Bb5 22. Rc3 Rcd8 23. Qc2 Rd7 24. Rd1 Rde7 25. Nd4 Ba6 26. a4 h5 27. Ba2
Qa5 28. Re1 Qb4 29. Qb3 Qd6 30. Rd1 Qe5 31. Qa3 f4 32. e4 Kh6 33. Rc5 Qb8 34.
b4 b6 35. Rcc1 Bb7 36. Nc6 Bxc6 37. Rxc6 Nd7 38. Rcd6 Ne5 39. Qb2 Kh7 40. Qd2
Rf8 41. Be6 Nf7 42. Bxf7 Rfxf7 43. Qd5 Qh8 44. Qg5 Qg7 45. Qd5 Qc3 46. Qd4
Qxd4+ 47. R6xd4 Kg7 48. Kf1 Kf6 49. Ke2 Rc7 50. Kd3 Ke6 51. Rd2 Rfd7 52. Rxd7
Rxd7+ 53. Kc3 Rc7+ 54. Kb3 g5 55. Rd5 Kf6 56. Rd4 g4 57. Rd5 gxf3 58. gxf3 Kg6
59. Rf5 Rc1 60. Rxf4 Kg5 61. Rf5+ Kh4 62. Rd5 Rf1 63. Rd2 Rxf3+ 64. Kc4 Kg5 65.
Kd5 Ra3 66. e5 Rxa4 67. e6 Kf6 68. Kd6 Rxb4 69. Rf2+ Kg6 70. Re2 Rd4+ 71. Kc7
Rc4+ 72. Kb7 Rd4 73. e7 Rd7+ 74. Kc6 Rxe7 75. Rxe7 Kg5 76. Rxa7 Kg4 77. Kxb6
Kh3 78. Ra2 1-0